| 000 | 00859nam a22002297a 4500 | ||
|---|---|---|---|
| 999 |
_c18566 _d18566 |
||
| 003 | AR-CdUCM | ||
| 008 | 190514b ||||| |||| 00| 0 spa d | ||
| 040 |
_aMUNICIPALIDAD PROVINCIAL DEL CUSCO _cBIBLIOTECA MUNICIPAL DEL CUSCO |
||
| 041 | _heng | ||
| 082 |
_a901 / _bT77 |
||
| 100 |
_aToynbee, Arnold J. _97718 |
||
| 245 | _aEstudio de la historia / | ||
| 260 |
_aBuenos Aires : _bEmecé, _c1959. |
||
| 300 |
_a428 páginas ; _c23 cm. |
||
| 505 | _aContenido: Estados universales -- Iglesia universales -- Edades heroicas -- Contacto de civilizaciones en el espacio -- Contacto de civilizaciones en el tiempo -- Ley y libertad en la historia... | ||
| 650 |
_aHistoria _9136 |
||
| 650 |
_aCivilización _91048 |
||
| 650 |
_aEdades heroicas _939220 |
||
| 700 |
_aBixio, Luis Alberto (traductor) _939221 |
||
| 942 |
_2ddc _cLIBROS |
||
| 945 |
_aacv _d2019-05-14 |
||